Flags of Countries in NATO By partial images - Statistics

General Stats
  • This quiz has been taken 79 times
  • The average score is 23 of 30
Answer Stats
Picture Answer % Correct
Croatia
98%
Albania
95%
Spain
88%
Bulgaria
86%
Canada
86%
Czech Republic
86%
Greece
86%
Netherlands
86%
Portugal
86%
France
85%
Luxembourg
85%
Norway
85%
Slovakia
85%
United Kingdom
85%
Estonia
83%
Latvia
77%
Iceland
75%
Slovenia
75%
United States
75%
Montenegro
74%
North Macedonia
74%
Poland
74%
Belgium
68%
Denmark
66%
Lithuania
65%
Hungary
63%
Turkey
62%
Germany
60%
Romania
55%
Italy
45%
No matching quizzes found
Score Distribution
Percent of People with Each Score
Percentile by Number Answered
Your Score History
You have not taken this quiz